| 000 | 003750000a22001210004500 | ||
|---|---|---|---|
| 090 |
_aAR _b04619 |
||
| 100 | 1 |
_aMackay, William P. _992605 |
|
| 700 | 1 |
_aMackay, Emma E. _998739 |
|
| 245 | 1 | 0 | _aDiyrnal foraging patterns of Pogonomyrmex Harvester ants (hymenoptera: Formicidae) |
| 041 | 0 | _aInglés | |
| 942 | _cARTICULO | ||
| 773 | 1 |
_tSouthwestern Naturalist _h2 _q213-218 p. _d1989 _g34 |
|
| 999 |
_c13719 _d13719 |
||